000 00943nam a2200313Ia 4500
003 OSt
005 20221006143029.0
006 a|||||r|||| 00| 0
007 ta
008 221006b |||||||| |||| 00| 0 eng d
020 _c337.46
024 _a7,841
037 _cTextual
040 _aEASL
_cEASL
_beng
041 _2eng
_aeng
082 _aY:1:6.42.N8, M6
100 _aWhite Merry I. Ed.
_9453653
245 0 _aCultural transition
_b Human experience and social transformation in the Third World and Japan
260 _aBoston
_bRoutledge & Kegan Paul
_c1986
300 _axiv,302p.
_ccm.
490 _v JEL
650 _a Enthnopsychology
_9648993
650 _a Human experience
_9648994
650 _a Social transformation
_9648995
650 _aJEL
700 _a Pollak Susan Ed.
_9453654
942 _hY:1:6.42.N8, M6
_cTEXL
_2CC
999 _c1075927
_d1075927